Normal view
MARC view
- Weiss D M
Entry Personal Name
001 - CONTROL NUMBER
- control field: 107280
003 - CONTROL NUMBER IDENTIFIER
- control field: OSt
005 - DATE AND TIME OF LATEST TRANSACTION
- control field: 20230125043145.0
008 - FIXED-LENGTH DATA ELEMENTS
- fixed length control field: 230125|| aca||aabn | a|a d
040 ## - CATALOGING SOURCE
- Original cataloging agency: OSt
- Transcribing agency: OSt
100 ## - HEADING--PERSONAL NAME
- Personal name: Weiss D M
670 ## - SOURCE DATA FOUND
- Source citation: Work cat.: (OSt)84466: Weiss D M, After the trade is made processing securies transactions, 1997